| 000 | 00391nam a2200145Ia 4500 | ||
|---|---|---|---|
| 008 | 210716s1979 xx 000 0 und d | ||
| 041 | _aeng | ||
| 082 | _a005.453 BASI | ||
| 100 | _aMicrosoft Corporation. | ||
| 245 |
_aBasic compiler: users manual. _bUsers manual. |
||
| 250 | _a1 | ||
| 260 |
_bMcrosoft Corporation _c1979 |
||
| 300 | _a3-4,B-12,J-5,L-5,14 | ||
| 650 | _aCompilers(005.453) | ||
| 999 |
_c181065 _d181065 |
||